000 00767nam a2200253Ia 4500
003 OSt
005 20221005103732.0
006 a|||||r|||| 00| 0
007 ta
008 221004b |||||||| |||| 00| 0 hin d
024 _a109029
037 _cTextual
040 _aCRL
_cCRL
_bhin
041 _2hin
_ahin
082 _aO152,1MNAx, L0
100 _aनथमल
245 0 _aनास्ति का अस्तित्व
246 _aNāsti kā astitva
260 _aदिल्ली
_bआदर्श साहित्य संघ भारत
_c1970
300 _a84पृ0
_ccm.
650 _aहिन्दी साहित्य
942 _hO152,1MNAx, L0
_cTEXL
_2cc
999 _c1010771
_d1010771